[Event "FIDE World Blitz 2014"]
[Site "Dubai UAE"]
[Date "2014.06.19"]
[Round "7.50"]
[White "AlHuwar, Jasem"]
[Black "Fier, Alexandr"]
[Result "0-1"]
[WhiteTitle "FM"]
[BlackTitle "GM"]
[WhiteElo "2277"]
[BlackElo "2580"]
[WhiteFideId "9300465"]
[BlackFideId "2107139"]
[EventDate "2014.06.19"]

1. Nf3 g6 2. g3 Bg7 3. d4 Nf6 4. b3 O-O 5. Bb2 a5 6. a4 b6 7. Bg2 Bb7 8. O-O Na6
9. Nbd2 d6 10. Re1 Ne4 11. Ng5 Nxg5 12. Bxb7 Ra7 13. Bg2 d5 14. h4 Ne6 15. Nf3
c5 16. Ne5 Rc7 17. e3 c4 18. bxc4 dxc4 19. c3 Bxe5 20. dxe5 Qxd1 21. Rexd1 Nac5
22. Ba3 Nd3 23. f4 Nec5 24. Bd5 Nxa4 25. Bxc4 Ndc5 26. Rac1 Ne4 27. Bd5 Nexc3
28. Bf3 b5 29. Rd2 b4 30. Bb2 Nxb2 31. Rxb2 Ne2+ 0-1

[Event "FIDE World Blitz 2014"]
[Site "Dubai UAE"]
[Date "2014.06.19"]
[Round "7.51"]
[White "Aleksandrov, Aleksej"]
[Black "Suhail, Abdurahim"]
[Result "1-0"]
[WhiteTitle "GM"]
[BlackTitle "CM"]
[WhiteElo "2554"]
[BlackElo "2239"]
[WhiteFideId "13500139"]
[BlackFideId "9300228"]
[EventDate "2014.06.19"]

1. d4 c5 2. d5 e5 3. e4 d6 4. Nc3 Nf6 5. h3 g6 6. Nf3 a6 7. a4 Bg7 8. g3 O-O 9.
Bg2 Nh5 10. O-O b6 11. Nd2 f5 12. exf5 Bxf5 13. Nc4 Bc8 14. Be3 Ra7 15. Qd2 Raf7
16. Ne4 Nf4 17. Ncxd6 Bxh3 18. Nxf7 Rxf7 19. Bxf4 Bxg2 20. Bg5 Qd7 21. Kxg2 Qg4
22. f3 Qd7 23. Bh6 Bh8 24. Rad1 Qxa4 25. b3 Qd7 26. c4 Qe7 27. d6 Qd7 28. Qd5 1-0

[Event "FIDE World Blitz 2014"]
[Site "Dubai UAE"]
[Date "2014.06.19"]
[Round "8.4"]
[White "Meier, Georg"]
[Black "Fressinet, Laurent"]
[Result "1-0"]
[WhiteTitle "GM"]
[BlackTitle "GM"]
[WhiteElo "2632"]
[BlackElo "2717"]
[WhiteFideId "4675789"]
[BlackFideId "608742"]
[EventDate "2014.06.19"]

1. Nf3 d5 2. g3 Nc6 3. d4 Bg4 4. Bg2 Qd7 5. h3 Bf5 6. c3 O-O-O 7. Nbd2 e5 8.
dxe5 f6 9. e6 Bxe6 10. Nb3 Kb8 11. Be3 Bd6 12. Nfd4 Bf7 13. Nxc6+ Qxc6 14. a4
Ne7 15. Nd4 Qd7 16. Nb5 Nc6 17. Nxd6 Qxd6 18. O-O Rhe8 19. Qd2 Qd7 20. b4 Be6
21. b5 Na5 22. Qd4 b6 23. Qh4 g5 24. Qh6 Qf7 25. Bd4 Rf8 26. Rad1 Bf5 27. h4
gxh4 28. Qxh4 Bc2 29. Rd2 Bxa4 30. Bxf6 Nc4 31. Bxd8 Nxd2 32. Be7 Nxf1 33. Bxf8
Bxb5 34. Bh6 a5 35. Qd8+ Ka7 36. Bxd5 Qe8 37. Qxc7+ 1-0

[Event "FIDE World Blitz 2014"]
[Site "Dubai UAE"]
[Date "2014.06.19"]
[Round "8.8"]
[White "Anand, Viswanathan"]
[Black "Ragger, Markus"]
[Result "0-1"]
[WhiteTitle "GM"]
[BlackTitle "GM"]
[WhiteElo "2785"]
[BlackElo "2632"]
[WhiteFideId "5000017"]
[BlackFideId "1610856"]
[EventDate "2014.06.19"]

1. Nf3 Nf6 2. g3 d5 3. Bg2 c6 4. O-O Bg4 5. d3 Nbd7 6. Nbd2 e5 7. e4 dxe4 8.
dxe4 Bc5 9. h3 Bh5 10. Qe2 O-O 11. a4 a5 12. Nc4 Re8 13. Rd1 Qc7 14. g4 Bg6 15.
Nh4 Nf8 16. g5 Nh5 17. Nxg6 hxg6 18. Bf3 Nf4 19. Bxf4 exf4 20. h4 Qe7 21. Kg2
Nd7 22. Rd2 Ne5 23. Nxe5 Qxe5 24. c3 Rad8 25. Rad1 Bb6 26. Rd7 Rxd7 27. Rxd7 Re7
28. Qd1 Rxd7 29. Qxd7 Qc5 30. Qd2 Kf8 31. Bg4 Kg8 32. Qxf4 Qe7 33. Qb8+ Kh7 34.
Bf3 Qc7 35. Qa8 Bc5 36. Qe8 Qf4 37. Qd7 Qxh4 38. Qh3 Bxf2 39. Be2 Qxh3+ 40. Kxh3
Be3 41. Kg4 Kg8 42. b4 axb4 43. cxb4 Bd2 44. b5 c5 45. e5 b6 46. Bc4 Kf8 47. Bd5
Ke7 48. Bc4 Bc3 49. Kf4 Bd2+ 50. Kg4 Bc1 51. Bd5 Bd2 52. Bc4 f5+ 53. gxf6+ gxf6
54. exf6+ Kxf6 55. Kf3 Ke5 56. Ke2 Ba5 57. Ke3 g5 58. Be2 Bc3 59. Kd3 Be1 60.
Ke3 Bb4 61. Kd3 Be1 62. Ke3 Kd5 63. Kd3 c4+ 64. Kc2 Kd4 65. Kd1 Ba5 66. Kc2 c3 0-1

[Event "FIDE World Blitz 2014"]
[Site "Dubai UAE"]
[Date "2014.06.19"]
[Round "8.10"]
[White "Tomashevsky, Evgeny"]
[Black "Safarli, Eltaj"]
[Result "1/2-1/2"]
[WhiteTitle "GM"]
[BlackTitle "GM"]
[WhiteElo "2695"]
[BlackElo "2649"]
[WhiteFideId "4147235"]
[BlackFideId "13402129"]
[EventDate "2014.06.19"]

1. Nf3 Nf6 2. c4 g6 3. Nc3 d5 4. Qa4+ Bd7 5. Qb3 dxc4 6. Qxc4 a6 7. g3 b5 8. Qb3
c5 9. Bg2 c4 10. Qd1 Nc6 11. O-O Bg7 12. d3 cxd3 13. Qxd3 O-O 14. Bg5 Bf5 15.
Qe3 Ng4 16. Qc5 Rc8 17. Rad1 Qa5 18. Nd5 e6 19. Nb6 Rc7 20. h3 Nf6 21. Bxf6 Bxf6
22. Rd7 Be7 23. Rxe7 Rxe7 24. Qxc6 Rd8 25. g4 Be4 26. Qxe4 Qxb6 27. Ne5 Rc8 28.
g5 Qc5 29. h4 Rec7 30. Ng4 Qd6 31. Bf3 Rc4 32. Qe3 Qf4 33. Qxf4 Rxf4 34. Kg2 Kf8
35. Rd1 Ke7 36. Rd2 Rd8 37. Rc2 Rc4 38. Rxc4 bxc4 39. Ne3 c3 40. bxc3 Rd2 41. a4
Ra2 42. Bc6 Rxe2 43. Bb7 Ra2 44. Bxa6 Rxa4 45. Bc4 Kd6 46. Kg3 Ra3 47. Nd1 Ra4
48. Be2 Ke5 49. Ne3 Kd6 50. Nc4+ Ke7 51. Ne3 Ra3 52. c4 Rc3 53. Kf4 Kd6 54. Ke4
Rc1 55. h5 Rg1 56. Kf4 e5+ 57. Ke4 Rxg5 58. hxg6 hxg6 59. f4 f5+ 60. Kf3 exf4
61. Kxf4 Rg1 62. Nxf5+ gxf5 63. Kxf5 1/2-1/2

[Event "FIDE World Blitz 2014"]
[Site "Dubai UAE"]
[Date "2014.06.19"]
[Round "8.14"]
[White "Gundavaa, Bayarsaikhan"]
[Black "Caruana, Fabiano"]
[Result "1-0"]
[WhiteTitle "GM"]
[BlackTitle "GM"]
[WhiteElo "2501"]
[BlackElo "2791"]
[WhiteFideId "4901045"]
[BlackFideId "2020009"]
[EventDate "2014.06.19"]

1. d4 d6 2. e4 Nf6 3. Nc3 e5 4. Nf3 Nbd7 5. Bc4 Be7 6. O-O exd4 7. Qxd4 Nb6 8.
Bb3 O-O 9. a4 a5 10. h3 Nfd7 11. Be3 Nc5 12. Rad1 Nxb3 13. cxb3 Be6 14. Nd5 Nxd5
15. exd5 Bf5 16. Rd2 Re8 17. Rc1 Bf6 18. Qc4 Rc8 19. Nd4 Be4 20. Ne6 Bxd5 21.
Qxd5 Rxe6 22. Qxb7 h6 23. Qc6 Bg5 24. Bxg5 Qxg5 25. Rd5 Qf6 26. Qc3 Qf4 27. Rxa5
c5 28. Rf1 Rb8 29. Rb5 Ree8 30. Qc4 Qe5 31. a5 Qxb2 32. a6 Qa2 33. Rd1 Ra8 34.
Rb6 Re2 35. Rf1 Re6 36. Qb5 Kh7 37. Qd3+ g6 38. Qf3 Rf8 39. Qb7 Kg7 40. a7 Rfe8
41. Ra6 Qe2 42. g3 Qd3 43. a8=Q Re1 44. Qg2 Rxa8 45. Rxa8 Re7 46. Rb8 d5 47. Rd8
d4 48. Qd5 Qc2 49. b4 1-0

[Event "FIDE World Blitz 2014"]
[Site "Dubai UAE"]
[Date "2014.06.19"]
[Round "8.15"]
[White "Vitiugov, Nikita"]
[Black "Moradiabadi, Elshan"]
[Result "1/2-1/2"]
[WhiteTitle "GM"]
[BlackTitle "GM"]
[WhiteElo "2742"]
[BlackElo "2586"]
[WhiteFideId "4152956"]
[BlackFideId "12501255"]
[EventDate "2014.06.19"]

1. d4 e6 2. c4 Bb4+ 3. Nd2 Nc6 4. e3 e5 5. d5 Nce7 6. a3 Bxd2+ 7. Qxd2 d6 8. b3
Nf6 9. Bb2 O-O 10. f3 b5 11. e4 bxc4 12. Bxc4 a5 13. Ne2 Ba6 14. Qd3 Bxc4 15.
Qxc4 c6 16. dxc6 Qb6 17. Rc1 Rfc8 18. Qd3 Nxc6 19. Qxd6 Qxb3 20. Rxc6 Qxb2 21.
Kf2 Rd8 22. Qc5 h5 23. Qc3 Rab8 24. Rc1 Rd2 25. Rc2 Rxc2 26. Qxc2 Qxa3 27. Rc8+
Rxc8 28. Qxc8+ Qf8 29. Qc3 a4 30. Qxe5 a3 31. Qa5 Nd7 32. Qa4 Nc5 33. Qa5 Nb3
34. Qa4 Qc5+ 35. Ke1 Nc1 36. Nf4 Qe3+ 37. Kd1 Qxf4 38. Qxa3 Qxh2 39. Qa8+ Kh7
40. Kxc1 Qg1+ 41. Kd2 Qxg2+ 42. Ke3 h4 43. Qd5 Qg6 44. Qd7 f5 45. exf5 Qg5+ 46.
Ke4 Qh6 47. f6 Qxf6 48. Qg4 Qg6+ 49. Kf4 Qh6+ 50. Ke4 h3 51. Kd4 Qf6+ 52. Ke3
Qe5+ 53. Kf2 Qh2+ 54. Kf1 Qh1+ 55. Kf2 Qh2+ 56. Kf1 Qh1+ 57. Kf2 Qh2+ 58. Kf1 g6
59. Qh4+ Kg7 60. Qe7+ 1/2-1/2

[Event "FIDE World Blitz 2014"]
[Site "Dubai UAE"]
[Date "2014.06.19"]
[Round "8.18"]
[White "Bartel, Mateusz"]
[Black "Aronian, Levon"]
[Result "0-1"]
[WhiteTitle "GM"]
[BlackTitle "GM"]
[WhiteElo "2641"]
[BlackElo "2815"]
[WhiteFideId "1112635"]
[BlackFideId "13300474"]
[EventDate "2014.06.19"]

1. g3 d5 2. Bg2 c6 3. f4 Bf5 4. Nf3 e6 5. O-O h5 6. d3 Be7 7. Nc3 h4 8. e4 Bg4
9. d4 hxg3 10. hxg3 Nd7 11. Qe1 dxe4 12. Nxe4 Ngf6 13. c3 Nxe4 14. Qxe4 Qa5 15.
Ne5 Bf5 16. Qe2 Nxe5 17. fxe5 O-O-O 18. b4 Qa4 19. Be3 Rhf8 20. b5 Qxb5 21. Qxb5
cxb5 22. d5 Ba3 23. Bxa7 Bd3 24. Rfd1 Bc4 25. Bb6 exd5 26. Bxd8 Rxd8 27. Bh3+
Kc7 28. Rd2 Bc5+ 29. Kg2 Be3 30. Rb2 d4 31. cxd4 Bxd4 32. Rab1 Bxb2 33. Rxb2 Ra8
34. Kf3 Rxa2 35. Rb1 Kb6 36. Kf4 Kc5 37. Bc8 b6 38. g4 b4 39. Bf5 b3 40. Ke3 b5
41. g5 g6 42. Be4 Re2+ 43. Kf4 Kb4 44. Bf3 Rf2 45. Ke3 Rxf3+ 46. Kxf3 Kc3 0-1

[Event "FIDE World Blitz 2014"]
[Site "Dubai UAE"]
[Date "2014.06.19"]
[Round "8.20"]
[White "Mamedov, Rauf"]
[Black "Jobava, Baadur"]
[Result "1/2-1/2"]
[WhiteTitle "GM"]
[BlackTitle "GM"]
[WhiteElo "2659"]
[BlackElo "2713"]
[WhiteFideId "13401653"]
[BlackFideId "13601520"]
[EventDate "2014.06.19"]

1. e4 e6 2. d4 d5 3. Nd2 a6 4. Ngf3 c5 5. dxc5 Bxc5 6. Bd3 Nc6 7. a3 Nge7 8. Qe2
h6 9. Nb3 Ba7 10. O-O O-O 11. Re1 Ng6 12. Bd2 Nce5 13. Nxe5 Nxe5 14. Bb4 Re8 15.
Rad1 Bd7 16. Bc3 Nxd3 17. Qxd3 Bc6 18. Qg3 Qg5 19. Qxg5 hxg5 20. e5 Ba4 21. Rd2
Bxb3 22. cxb3 Rac8 23. Kf1 Bc5 24. Rd3 Rc6 25. Bd2 Be7 26. Rc1 Rec8 27. Rxc6
Rxc6 28. Bc3 Kh7 29. Ke2 Kg6 30. g4 Rc8 31. h3 Kh7 32. Bd4 Rc2+ 33. Rd2 Rxd2+
34. Kxd2 Kg8 35. Kd3 Kf8 36. b4 Ke8 37. Bc3 Kd7 38. Bd2 Kc6 39. a4 b5 40. b3 g6
41. f3 Bd8 42. a5 1/2-1/2

[Event "FIDE World Blitz 2014"]
[Site "Dubai UAE"]
[Date "2014.06.19"]
[Round "8.21"]
[White "Movsesian, Sergei"]
[Black "Yudin, Sergei"]
[Result "0-1"]
[WhiteTitle "GM"]
[BlackTitle "GM"]
[WhiteElo "2672"]
[BlackElo "2546"]
[WhiteFideId "310204"]
[BlackFideId "4159659"]
[EventDate "2014.06.19"]

1. e4 d6 2. d4 Nf6 3. Nc3 e5 4. Nf3 Nbd7 5. Bc4 Be7 6. O-O O-O 7. a4 a5 8. Re1
c6 9. Ba2 exd4 10. Nxd4 Nc5 11. h3 Be6 12. Qf3 Nfd7 13. Be3 Ne5 14. Qe2 Bxa2 15.
Rxa2 g6 16. Raa1 Re8 17. b3 Bf8 18. Rad1 Qc7 19. f3 Rad8 20. Qf2 Bg7 21. Rd2 Qe7
22. Red1 h6 23. Nde2 b6 24. Kh1 Bf8 25. Bd4 Qc7 26. Ng3 Rb8 27. Be3 Ned7 28.
Nce2 Nf6 29. Bf4 Rbd8 30. Be3 d5 31. Bd4 dxe4 32. Be3 Nd5 33. fxe4 Nxe4 34. Nxe4
Rxe4 35. Bd4 Rde8 36. c4 Nf4 37. Ng3 R4e6 38. Rf1 c5 39. Bb2 g5 40. Qf3 Re3 41.
Qg4 Qc8 42. Nf5 Re2 43. Rxe2 Nxe2 44. h4 Qe6 45. hxg5 Qg6 46. Re1 Qxg5 47. Qxg5+
hxg5 48. Kh2 Re6 49. Rd1 Kh7 50. Rd8 Be7 51. Rh8+ Kg6 52. Nxe7+ Rxe7 53. Rg8+
Kf5 54. Kh3 Nf4+ 55. Kg3 Re3+ 56. Kh2 Rxb3 57. Bc1 Rc3 58. Bd2 Rxc4 59. Rf8 f6
60. Rb8 Nd5 61. Rd8 Rd4 62. Be1 Ke4 63. Bf2 Rd2 64. Kg3 f5 65. Re8+ Kd3 66. Be1
Re2 67. Rd8 Rxe1 68. Rxd5+ Ke4 69. Rd6 Rb1 70. Re6+ Kd5 71. Rg6 Rb3+ 72. Kf2 g4
73. Rf6 Ke5 74. Rc6 f4 75. Rc8 Kd4 76. Rf8 Rb2+ 77. Kf1 c4 78. Rxf4+ Kd3 79.
Rxg4 c3 80. Rg3+ Kd2 81. Rg8 Rb1+ 82. Kf2 c2 83. Rd8+ Kc3 84. Rc8+ Kb3 0-1

[Event "FIDE World Blitz 2014"]
[Site "Dubai UAE"]
[Date "2014.06.19"]
[Round "8.22"]
[White "Potkin, Vladimir"]
[Black "Guseinov, Gadir"]
[Result "0-1"]
[WhiteTitle "GM"]
[BlackTitle "GM"]
[WhiteElo "2621"]
[BlackElo "2613"]
[WhiteFideId "4131061"]
[BlackFideId "13401378"]
[EventDate "2014.06.19"]

1. d4 Nf6 2. c4 g6 3. Nc3 Bg7 4. g3 O-O 5. Bg2 d6 6. Nf3 Nbd7 7. O-O e5 8. e4
exd4 9. Nxd4 Re8 10. Re1 Nc5 11. h3 a5 12. Bf4 Nfd7 13. b3 Ne5 14. Be3 a4 15.
Qc2 Bd7 16. Rad1 axb3 17. axb3 Qc8 18. Kh2 Nc6 19. Nxc6 Bxc6 20. Nd5 b6 21. Bd4
Bxd4 22. Rxd4 Bxd5 23. cxd5 Ra7 24. b4 Nd7 25. Rc4 Nf6 26. Rc1 Re7 27. Qc3 Ne8
28. f4 Qa6 29. e5 Qa3 30. Qd4 Ra4 31. exd6 cxd6 32. Qxb6 Qb2 33. R1c2 Qb1 34.
Qg1 Qb3 35. Qd4 Qb1 36. Rc1 Qb3 37. b5 Ra2 38. Rb4 Qa3 39. Rg1 Ng7 40. g4 h5 41.
Rc4 hxg4 42. hxg4 Ne8 43. b6 Rb2 44. Rc6 Qa2 45. Rc8 Ree2 46. Kh1 Qb3 47. Rxe8+
Rxe8 48. Qf6 Ree2 49. Qd8+ Kg7 50. Qh4 Qxb6 51. g5 Qd4 52. Qh6+ Kg8 53. f5 0-1

[Event "FIDE World Blitz 2014"]
[Site "Dubai UAE"]
[Date "2014.06.19"]
[Round "8.23"]
[White "Salem, A.R. Saleh"]
[Black "Andriasian, Zaven"]
[Result "1/2-1/2"]
[WhiteTitle "GM"]
[BlackTitle "GM"]
[WhiteElo "2581"]
[BlackElo "2611"]
[WhiteFideId "9301348"]
[BlackFideId "13302000"]
[EventDate "2014.06.19"]

1. d4 d5 2. c4 c6 3. Nc3 Nf6 4. Nf3 dxc4 5. e4 b5 6. e5 Nd5 7. a4 h6 8. Be2 e6
9. O-O b4 10. Ne4 Ba6 11. Nfd2 c3 12. Nc4 Bxc4 13. Bxc4 cxb2 14. Bxb2 Nd7 15. a5
Be7 16. Qg4 g6 17. Bc1 Rb8 18. Qh3 Qc7 19. Bd2 Qb7 20. Rab1 c5 21. dxc5 Nxc5 22.
Nd6+ Bxd6 23. exd6 b3 24. Be3 Nxe3 25. Qxe3 Qb4 26. d7+ Nxd7 27. Bxb3 O-O 28.
Qxh6 Qxa5 29. Bxe6 Ne5 30. Ra1 Qb6 31. Ba2 Qf6 32. h3 a5 33. Bd5 Rb5 34. Be4 Rb4
35. Rfe1 a4 36. Bd5 Rd4 37. Ba2 Rfd8 38. Qe3 Nd3 39. Rf1 Nf4 40. Kh2 Rd3 41. Qe4
R8d4 42. Qa8+ Kg7 43. Bb1 Rd8 44. Qa5 Qxa1 45. Bxd3 Qd4 46. Bb5 Rd5 47. Qxa4 Qe5
48. Bc6 Rd4 49. Qb5 Qd6 50. Kh1 Rb4 51. Qa5 Rd4 52. Bf3 Rd2 53. Qc3+ Kh7 54. Qb3
Kg7 55. Rd1 Rxd1+ 56. Qxd1 Qxd1+ 57. Bxd1 Nd3 58. Kg1 Ne5 59. Be2 f5 60. f4 Nc6
61. Kf2 Kf6 62. Ke3 g5 63. fxg5+ Kxg5 64. g3 Ne7 65. h4+ Kf6 66. Bh5 Ke5 67. Bf7
Kf6 68. Be8 f4+ 69. Kxf4 Nf5 70. Kg4 Nxg3 1/2-1/2

[Event "FIDE World Blitz 2014"]
[Site "Dubai UAE"]
[Date "2014.06.19"]
[Round "8.24"]
[White "Vakhidov, Jahongir"]
[Black "Nguyen, Ngoc Truong Son"]
[Result "0-1"]
[WhiteTitle "IM"]
[BlackTitle "GM"]
[WhiteElo "2471"]
[BlackElo "2621"]
[WhiteFideId "14201801"]
[BlackFideId "12401110"]
[EventDate "2014.06.19"]

1. b3 Nf6 2. Bb2 g6 3. Bxf6 exf6 4. c4 Bg7 5. Nc3 f5 6. Rc1 O-O 7. g3 c6 8. Bg2
d6 9. e3 Nd7 10. d4 Nf6 11. Nge2 h5 12. h4 Re8 13. Qd3 Qe7 14. O-O Ne4 15. b4 a6
16. a4 Bd7 17. c5 d5 18. Rb1 g5 19. hxg5 Qxg5 20. Nf4 h4 21. gxh4 Qxh4 22. Nce2
Bh6 23. f3 Ng3 24. Rf2 Re7 25. Nxg3 Qxg3 26. Ne2 Qh4 27. f4 Re6 28. Rf3 Rg6 29.
Kf1 Qg4 30. Rg3 Qh4 31. Kf2 Bg7 32. Rh1 Qf6 33. Bf3 a5 34. b5 Kf8 35. b6 Re8 36.
Bh5 Rh6 37. Bf3 Rxh1 38. Bxh1 Qh4 39. Bf3 Bf6 40. Kg2 Ke7 41. Rh3 Rg8+ 42. Ng3
Rxg3+ 43. Rxg3 Qh6 44. Qf1 Qh8 45. Qh1 Bh4 46. Kf1 Qf6 47. Rh3 Qe6 48. Ke2 Bf6
49. Kd3 Be8 50. Rh5 Bg7 51. Qh3 Bd7 52. Rh7 Kf8 53. Qg3 Qg6 54. Qxg6 fxg6 55.
Rh3 Bf6 56. Rh7 Bg7 57. Ke2 Kg8 58. Rh3 Bf6 59. Bg2 Kg7 60. Kf3 Be6 61. Bf1 Bc8
62. Be2 Kg8 63. Rh1 Kg7 64. Rb1 Kg8 65. Bf1 Kf7 66. Bb5 Bd7 67. Ba6 Bc8 68. Ke2
Ke7 69. Kf3 Kf7 70. Rb5 cxb5 71. c6 Bd8 72. c7 Bxc7 73. Bxb5 Bxb6 74. Ke2 Ke7
75. Kd3 Bd7 0-1

[Event "FIDE World Blitz 2014"]
[Site "Dubai UAE"]
[Date "2014.06.19"]
[Round "8.25"]
[White "Karjakin, Sergey"]
[Black "Fedoseev, Vladimir3"]
[Result "1-0"]
[WhiteTitle "GM"]
[BlackTitle "GM"]
[WhiteElo "2771"]
[BlackElo "2662"]
[WhiteFideId "14109603"]
[BlackFideId "24130737"]
[EventDate "2014.06.19"]

1. e4 e6 2. d4 d5 3. Nd2 c5 4. exd5 exd5 5. Ngf3 Nc6 6. Bb5 Bd6 7. dxc5 Bxc5 8.
O-O Ne7 9. Nb3 Bb6 10. h3 O-O 11. Re1 Nf5 12. Bd3 Qd6 13. c3 Bd7 14. Qc2 g6 15.
Bg5 Rfe8 16. Rad1 Rxe1+ 17. Rxe1 Rc8 18. Qd2 Be6 19. Bf4 Qd7 20. Ne5 Nxe5 21.
Bxe5 Qd8 22. Bxf5 Bxf5 23. Nd4 Bd7 24. Qf4 Qe7 25. Re3 Re8 26. Bf6 Qf8 27. Rxe8
Qxe8 28. Nf3 Bf5 29. g4 Be4 30. Ng5 Bd3 31. Nf3 Be4 32. Nd4 Bc5 33. Be5 Be7 34.
Bf6 Bf8 35. f3 Bd3 36. Kf2 Qd7 37. Qb8 Qd6 38. Be5 Qb6 39. Kg3 f6 40. Bc7 Qc5
41. Qxb7 Bd6+ 42. Bxd6 Qxd6+ 43. Kf2 Qh2+ 44. Ke3 Bc4 45. Qc8+ Kf7 46. Qd7+ 1-0

[Event "FIDE World Blitz 2014"]
[Site "Dubai UAE"]
[Date "2014.06.19"]
[Round "8.27"]
[White "Volokitin, Andrei"]
[Black "Tkachiev, Vladislav"]
[Result "1/2-1/2"]
[WhiteTitle "GM"]
[BlackTitle "GM"]
[WhiteElo "2638"]
[BlackElo "2625"]
[WhiteFideId "14107090"]
[BlackFideId "618438"]
[EventDate "2014.06.19"]

1. e4 e5 2. Nf3 Nc6 3. Bb5 Bc5 4. O-O Nd4 5. Nxd4 Bxd4 6. c3 Bb6 7. d4 c6 8. Ba4
d6 9. Be3 Nf6 10. Nd2 O-O 11. h3 Re8 12. Bc2 Be6 13. Re1 h6 14. Nf1 Qc7 15. Ng3
d5 16. dxe5 Qxe5 17. Bd4 Qg5 18. Bxb6 axb6 19. Qf3 dxe4 20. Nxe4 Nxe4 21. Qxe4
g6 22. Qe5 Qxe5 23. Rxe5 Bc4 24. Rxe8+ Rxe8 25. Bb3 b5 26. Bxc4 bxc4 27. b3 Re2
28. bxc4 Rc2 29. Rb1 Rxc3 30. Rxb7 1/2-1/2

[Event "FIDE World Blitz 2014"]
[Site "Dubai UAE"]
[Date "2014.06.19"]
[Round "8.28"]
[White "Wojtaszek, Radoslaw"]
[Black "Moiseenko, Alexander"]
[Result "1-0"]
[WhiteTitle "GM"]
[BlackTitle "GM"]
[WhiteElo "2715"]
[BlackElo "2707"]
[WhiteFideId "1118358"]
[BlackFideId "14102560"]
[EventDate "2014.06.19"]

1. d4 Nf6 2. c4 e6 3. Nc3 Bb4 4. Nf3 b6 5. e3 Bb7 6. Bd3 O-O 7. O-O Re8 8. Bd2
d6 9. a3 Bxc3 10. Bxc3 Ne4 11. Bxe4 Bxe4 12. Nd2 Bg6 13. Qf3 Nd7 14. e4 e5 15.
d5 Rf8 16. Qe3 f5 17. exf5 Rxf5 18. f4 exf4 19. Rxf4 Rxf4 20. Qxf4 Qe7 21. Nf3
Qe4 22. Qxe4 Bxe4 23. Nd4 Ne5 24. b3 a6 25. Re1 Bg6 26. Ne6 Nd3 27. Re3 b5 28.
Nxc7 Rc8 29. Nxa6 bxc4 30. b4 Nf4 31. b5 Nxd5 32. Rg3 Nxc3 33. Rxc3 Be4 34. b6
Bb7 35. Nc7 d5 36. a4 Rb8 37. a5 Bc6 38. Kf2 Kf7 39. Ke3 Ke7 40. Kd4 Kd6 41. Rg3
Rf8 42. Rxg7 Rf4+ 43. Kc3 Re4 44. a6 Re3+ 45. Kd2 d4 46. b7 c3+ 47. Kc1 Re1+ 48.
Kc2 Be4+ 49. Kb3 Rb1+ 50. Kc4 Bxb7 51. axb7 Rxb7 52. Ne8+ Kc6 53. Rxb7 Kxb7 54.
Kd3 Kc6 55. Nf6 Kc5 56. Ne4+ Kb4 57. Kxd4 c2 58. Nf2 c1=N 59. Nd3+ Nxd3 60. Kxd3
Kc5 61. Ke4 Kd6 62. Kf5 Ke7 63. Kg5 Kf7 64. Kh6 Kg8 65. g4 Kh8 66. g5 Kg8 67. h3
Kh8 68. h4 Kg8 69. h5 Kh8 70. g6 Kg8 71. g7 1-0

[Event "FIDE World Blitz 2014"]
[Site "Dubai UAE"]
[Date "2014.06.19"]
[Round "8.29"]
[White "Efimenko, Zahar"]
[Black "Ghaem Maghami, Ehsan"]
[Result "1/2-1/2"]
[WhiteTitle "GM"]
[BlackTitle "GM"]
[WhiteElo "2648"]
[BlackElo "2582"]
[WhiteFideId "14107201"]
[BlackFideId "12500739"]
[EventDate "2014.06.19"]

1. e4 c5 2. Nf3 e6 3. Nc3 a6 4. d4 cxd4 5. Nxd4 b5 6. Bd3 Bb7 7. O-O Qc7 8. Re1
Nf6 9. e5 Nd5 10. Nxd5 Bxd5 11. Bf4 Nc6 12. c3 Bc5 13. Qg4 g6 14. Nc2 Ne7 15.
Bg5 h5 16. Qf4 Nf5 17. Bf6 Rg8 18. h4 Qb7 19. Be4 Bxe4 20. Rxe4 d5 21. exd6 Bxd6
22. Qf3 Rb8 23. Rd1 Be7 24. Be5 Rc8 25. Nd4 Nxd4 26. Rdxd4 f5 27. Re3 Qxf3 28.
Rxf3 Rd8 29. Rfd3 Bxh4 30. Bc7 Rxd4 31. Rxd4 Be7 32. a4 g5 33. a5 g4 34. Be5 h4
35. Kh2 Rg6 36. c4 bxc4 37. Rxc4 Bd8 38. b4 Kd7 39. Rd4+ Ke8 40. b5 axb5 41. a6
Bb6 42. Rd6 Bxf2 43. Rc6 Rh6 44. a7 Bxa7 45. Rc8+ Kd7 46. Rc7+ Kd8 47. Rxa7 b4
48. Rb7 Kc8 49. Rxb4 Kd7 50. Rc4 Kd8 51. Rc7 Ke8 52. Rg7 Kf8 53. Rc7 Kg8 54. Kg1
Rh5 55. Kf2 Rh7 56. Rxh7 Kxh7 57. Bf6 h3 1/2-1/2

[Event "FIDE World Blitz 2014"]
[Site "Dubai UAE"]
[Date "2014.06.19"]
[Round "8.30"]
[White "Najer, Evgeniy"]
[Black "Salgado Lopez, Ivan"]
[Result "1-0"]
[WhiteTitle "GM"]
[BlackTitle "GM"]
[WhiteElo "2653"]
[BlackElo "2622"]
[WhiteFideId "4118987"]
[BlackFideId "2257327"]
[EventDate "2014.06.19"]

1. e4 c5 2. Nc3 Nc6 3. Bb5 g6 4. Bxc6 dxc6 5. d3 e5 6. f4 exf4 7. Bxf4 Bg7 8.
Nf3 Bg4 9. h3 Bxf3 10. Qxf3 Ne7 11. O-O-O Qd7 12. h4 h5 13. Bg5 O-O 14. Bf6 Qe6
15. Bxg7 Kxg7 16. Kb1 Rad8 17. Ne2 f5 18. Nf4 Qe5 19. Qg3 fxe4 20. Rhf1 exd3 21.
cxd3 Kh7 22. Rde1 Qf6 23. Ne6 Qxf1 24. Rxf1 Rxf1+ 25. Kc2 Nd5 26. Nxd8 Rf6 27.
Qe5 Rf2+ 28. Kb3 a5 29. Ne6 Nf6 30. Ng5+ Kh6 31. Nf7+ Kg7 32. Ng5 b5 33. Qe7+
Kh6 34. Qf8# 1-0

[Event "FIDE World Blitz 2014"]
[Site "Dubai UAE"]
[Date "2014.06.19"]
[Round "8.31"]
[White "Vahidov, Tair"]
[Black "Riazantsev, Alexander"]
[Result "0-1"]
[WhiteTitle "GM"]
[BlackTitle "GM"]
[WhiteElo "2446"]
[BlackElo "2692"]
[WhiteFideId "14200155"]
[BlackFideId "4125029"]
[EventDate "2014.06.19"]

1. c4 e6 2. Nc3 Bb4 3. Nf3 Nf6 4. d4 b6 5. Bg5 h6 6. Bh4 g5 7. Bg3 Ne4 8. Rc1
Bb7 9. e3 Bxc3+ 10. bxc3 d6 11. Nd2 Nxg3 12. hxg3 Nd7 13. g4 Qe7 14. Qa4 Kf8 15.
Rh2 c5 16. Be2 Kg7 17. Kf1 Nf6 18. Kg1 e5 19. dxc5 dxc5 20. Bf3 e4 21. Be2 Bc8
22. Qc2 Bxg4 23. Nxe4 Bf5 24. Nxf6 Bxc2 25. Nh5+ Kf8 26. Rxc2 Rd8 27. g4 Qe4 28.
Rb2 Qe5 29. Rc2 Qe8 30. Ng3 Qa4 31. Rb2 Qa3 32. Rc2 Qa4 33. Rb2 Ke7 34. Nf5+ Kf6
35. Rh3 h5 36. Ng3 hxg4 37. Rxh8 Rxh8 38. Ne4+ Kg6 39. Nd2 Rd8 40. Bxg4 Qa3 41.
Rb3 Qc1+ 42. Nf1 f5 43. Bf3 Rd3 44. Bd5 Rxc3 45. Rb5 Ra3 0-1

[Event "FIDE World Blitz 2014"]
[Site "Dubai UAE"]
[Date "2014.06.19"]
[Round "8.32"]
[White "Shyam, Sundar M."]
[Black "Amin, Bassem"]
[Result "0-1"]
[WhiteTitle "GM"]
[BlackTitle "GM"]
[WhiteElo "2468"]
[BlackElo "2635"]
[WhiteFideId "5019141"]
[BlackFideId "10601457"]
[EventDate "2014.06.19"]

1. e4 e5 2. Nf3 Nc6 3. Nc3 Nf6 4. d4 exd4 5. Nxd4 Bb4 6. Nxc6 bxc6 7. Bd3 d5 8.
exd5 Qe7+ 9. Qe2 Qxe2+ 10. Kxe2 cxd5 11. a3 Ba5 12. Bg5 c6 13. Na4 Be6 14. b4
Bc7 15. Nc5 Nd7 16. Be3 Bd6 17. Ba6 Rb8 18. Rhc1 Nxc5 19. bxc5 Be5 20. Rab1 Kd7
21. Bb7 Kc7 22. Ba6 h6 23. h4 Rhe8 24. c3 Bg4+ 25. Kd2 Bf5 26. Rb4 Be4 27. f3
Bg6 28. g4 f5 29. h5 Bh7 30. Bd3 a5 31. Rb6 f4 32. Bxh7 fxe3+ 33. Kxe3 Bd6+ 34.
Kd4 Bxc5+ 35. Kxc5 Rxb6 36. a4 Re3 37. Bg6 Rb3 38. Kd4 Rxf3 39. Re1 Rbxc3 40.
Re7+ Kd6 0-1